Loss of ownership of land and social displacement: a case study from eco-city, new Chandigarh (Record no. 110274)

000 -LEADER
fixed length control field 00568pab a2200181 454500
008 - FIXED-LENGTH DATA ELEMENTS--GENERAL INFORMATION
fixed length control field 180718b2015 xxu||||| |||| 00| 0 eng d
100 ## - MAIN ENTRY--PERSONAL NAME
Personal name Shalina, Mehta
245 ## - TITLE STATEMENT
Title Loss of ownership of land and social displacement: a case study from eco-city, new Chandigarh
260 ## - PUBLICATION, DISTRIBUTION, ETC.
Date of publication, distribution, etc. 2015
300 ## - PHYSICAL DESCRIPTION
Extent p.111-129.
362 ## - DATES OF PUBLICATION AND/OR SEQUENTIAL DESIGNATION
Dates of publication and/or sequential designation Oct
650 ## - SUBJECT ADDED ENTRY--TOPICAL TERM
Topical term or geographic name entry element Agricultural land - India - Chandigarh
650 ## - SUBJECT ADDED ENTRY--TOPICAL TERM
Topical term or geographic name entry element Land tenure - India - Chandigarh
650 ## - SUBJECT ADDED ENTRY--TOPICAL TERM
Topical term or geographic name entry element Agricultural land
700 ## - ADDED ENTRY--PERSONAL NAME
Personal name Singh, Sarbeet
773 ## - HOST ITEM ENTRY
Main entry heading International Journal of Rural Management
909 ## -
-- 110279
Holdings
Withdrawn status Lost status Damaged status Not for loan Permanent Location Current Location Date acquired Serial Enumeration / chronology Barcode Date last seen Price effective from Koha item type
        Indian Institute of Public Administration Indian Institute of Public Administration 2018-07-19 Volume no: 11, Issue no: 2 AR110739 2018-07-19 2018-07-19 Articles

Powered by Koha